000 00290nam a2200109 4500
999 _c507634
_d507634
082 _aL1 1971-72
100 _aIndia. Ministry of Finance
_92101
245 _aBudget, India, 1971-72
_cby Ministry of Finance
260 _aNew Delhi
_bGovernment of India
_c1971
300 _av.p.
942 _2ddc